| 000 | 004770000a22001810004500 | ||
|---|---|---|---|
| 003 | MACL | ||
| 005 | 20151016134448.0 | ||
| 008 | 151016b xxu||||| |||| 00| 0 eng d | ||
| 040 |
_aMACL _cMACL |
||
| 041 | _aEnglish | ||
| 082 | _a920/PRA | ||
| 100 |
_aPrasad, Dr. Rajendra _93093 |
||
| 245 |
_aSardar Patel Memorial Lectures _bCombined 1995 To 2002 |
||
| 260 |
_aNew Delhi _bPublications Division _c2005 |
||
| 350 | _a90 | ||
| 650 |
_aBiography _915269 |
||
| 942 |
_cBK _k920 _2ddc |
||
| 999 |
_c2443 _d2443 |
||